000 00750nam a22002177a 4500
003 OSt
005 20250620064820.0
008 250620b |||||||| |||| 00| 0 eng d
020 _a978-621-472-189-4 Remarks
040 _aDWCL - Main lib
_cOC
082 _aFil. 515 M722 2024
100 _aMolina, Ma. Felisa A.
245 _aBasic calculus/
_cMa. Felisa A. Molina [and two others]
260 _aIntramuros, Manila:
_b Unlimited Books Library Services & Publishing Inc.
_cc2024.
300 _aviii, 231 pages: illustrations; 25cm.
_b illustrations;
_c25cm
504 _aIncludes bibliographical references.
650 _a1. Calculus.
700 _aCorazon S. Apuria
700 _aJay- Ar F. Villavicencio
942 _2ddc
_cBK - FIL
_kFil.
_n0
999 _c3182
_d3182